Normal view
MARC view
- MICROTRANSDUCER CAD
Entry Topical Term
001 - CONTROL NUMBER
- control field: 64716
003 - CONTROL NUMBER IDENTIFIER
- control field: NUST
005 - DATE AND TIME OF LATEST TRANSACTION
- control field: 20210628203324.0
008 - FIXED-LENGTH DATA ELEMENTS
- fixed length control field: 210628|| aca||aabn | a|a d
040 ## - CATALOGING SOURCE
- Original cataloging agency: NUST
- Transcribing agency: NUST
150 ## - HEADING--TOPICAL TERM
- Topical term or geographic name entry element: MICROTRANSDUCER CAD
670 ## - SOURCE DATA FOUND
- Source citation: Work cat.: (NUST): Nathan, Arokia, Baltes, Henry 64715, Microtransducer cad, physical and computational aspects, 1999
